书目信息 |
| 题名: |
鲁迅诗稿
|
|
| 作者: | 鲁迅 著 ;上海鲁迅纪念馆 编辑 | |
| 分册: | ||
| 出版信息: | 上海 上海人民美术出版社 1983 |
|
| 页数: | 89页 | |
| 开本: | 18cm | |
| 丛书名: | ||
| 单 册: | ||
| 中图分类: | I210.8 , I210.3 | |
| 科图分类: | ||
| 主题词: | 鲁迅著作--手稿 , 文学--作品集--中国 | |
| 电子资源: | ||
| ISBN: | ||
| 000 | 00754nam0 2200277 45 | |
| 001 | 0183007341 | |
| 005 | 20040413170652.7 | |
| 010 | @dCNY1.05 | |
| 091 | @a8081.12175 | |
| 100 | @a19950509d1983 em y0chiy0121 ea | |
| 101 | 0 | @achi |
| 102 | @aCN@b310000 | |
| 105 | @ay z 000gy | |
| 106 | @ar | |
| 200 | 10 | @a鲁迅诗稿@Alu xun shi gao@f鲁迅著@g上海鲁迅纪念馆编辑 |
| 210 | @a上海@c上海人民美术出版社@d1983 | |
| 215 | @a89页@d18cm | |
| 606 | @a鲁迅著作@x手稿 | |
| 606 | 0 | @a文学@x作品集@x中国 |
| 690 | @aI210.8@v3 | |
| 690 | @aI210.3 | |
| 701 | 0 | @a鲁迅@Alu xun@4著 |
| 712 | 02 | @a上海鲁迅纪念馆@Ashang hai lu xun ji nian guan@4编辑 |
| 801 | 0 | @aCN@b上海图书馆@c20040413 |
| 801 | 2 | @aCN@bNLC@c20040413 |
| 905 | @f2@b162044-045@dI210.3@e122 | |
| 鲁迅诗稿/鲁迅著/上海鲁迅纪念馆编辑.-上海:上海人民美术出版社,1983 |
| 89页;18cm |
| ISBN :CNY1.05 |
| ● |
| 相关链接 |
|
|
|
|
正题名:鲁迅诗稿
索取号:I210.3/122
 
预约/预借
| 序号 | 登录号 | 条形码 | 馆藏地/架位号 | 状态 | 备注 |
| 1 | 0162044 | 001405214 | 第二借阅区/ [索取号:I210.3/122] | 在馆 | |
| 2 | 0162045 | 001405198 | 第二借阅区/ [索取号:I210.3/122] | 在馆 | |
| 3 | 0162046 | 001405205 | 第一样本阅览室/ [索取号:I210.3/122] | 在馆 |